Koncentračné a integračné formy európského obchodu diplomová práca

Guardado en:
Detalles Bibliográficos
Autor principal: Lešková, Michaela
Autor Corporativo: Obchodná fakulta EU. Katedra marketingu
Otros Autores: Čihovská, Viera
Formato: Libro
Lenguaje:eslovaco
Publicado: Bratislava 2011
Etiquetas: Agregar Etiqueta
Sin Etiquetas, Sea el primero en etiquetar este registro!

MARC

LEADER 00000nbm a2200000 4500
001 0131839
005 20161109101736.4
041 0 |a slo 
044 |a SK 
245 1 0 |a Koncentračné a integračné formy európského obchodu  |b diplomová práca  |c Michaela Lešková ; školiteľ: Viera Čihovská 
264 1 |a Bratislava  |c 2011 
300 |a 94 s. 
100 1 |a Lešková, Michaela 
700 1 |a Čihovská, Viera 
710 2 |a Obchodná fakulta EU. Katedra marketingu